=LDR 00000nam 2200000 4500 =700 #$$a Flora Maharani =740 ##$$a =856 ##$$a =Wor $a 1 =001 $a INLIS000000000002314 =005 $a 20260630100550 =008 $a 260630###########################0#ind## =022 ##$$a 978-979-21-5001-8 =035 ##$$a 0010-0524000068 =082 ##$$a 155.5 =084 ##$$a 155.5 VIN r =100 #$$a Vincentia Dwiyani =245 ##$$a Remaja itu Berani! $b - $c Vincentia Dwiyani ; editor, Flora Maharani, Cicilia Heni =246 ##$$a =260 ##$$a Yogyakarta : $b PT KANISIUS, $c 2016 =300 ##$$a 224 hlm. : $b ilus. ; $c 19 cm. $d =336 ##$$a =337 ##$$a =338 ##$$a =520 #$$a =650 ##$$a Psikologi =700 #$$a Cicilia Heni